000 00662nam a22002172 4500
001 0000001369
005 20151217161130.0
008 070306s xx 000 0 eng d
020 _a1563700069 :
040 _aKABU
_cKABU
050 0 _aHB2595
_b.U55 1991
110 2 _aUnited States.
_bDepartment of Labor.
_@0000150038
245 1 0 _aDictionary of occupational titles.
250 _a4th rev. ed.
260 _aIndianapolis, IN :
_bJIST Works,
_c1991.
300 _axxxvii, 1404 p.
650 0 _aOccupations
_vDictionaries
_zUnited States.
_@0000150039
908 _a070306
950 _@1
999 _c14884
_d14884